000
00299nam a2200109 4500
999
_c
13485
_d
13485
008
190327b ||||| |||| 00| 0 eng d
245
_a
Depression and diabetes: double the stress.
260
_a
Davao City
_b
Sun Star Davao
_c
c2018
300
_a
page B2.
650
0
_9
37720
_a
Stress.
942
_2
ddc
_c
PER